SAT Words HARD Click Quiz - S #6 - Daily Word Quiz! - Statistics

General Stats
  • This quiz has been taken 183 times
  • The average score is 12 of 16
Answer Stats
Hint Answer % Correct
Secluded space for reflection; or, a hallowed place of spiritual purity Sanctum
88%
Sleepwalking; a state of performing actions while asleep Somnambulism
88%
Thorny; having a prickly or irritable disposition Spinous
84%
Outward or surface appearance of an object Superficies
82%
Kitchen helper or menial kitchen worker Scullion
81%
Harmonious interaction where the whole is greater than the sum of its part; or, belief in the cooperation of divine grace and human will Synergism
78%
Marked by short, abrupt articulation; disjointed Staccato
77%
Unemotional, impassive; or, resolute and able to endure difficulty without emotion Stolid
77%
A horn, often a ram’s, that is blown for Jewish ceremonies Shofar
74%
Characterized by a drowsy, tranquil, or sleep-inducting quality Slumberous
73%
Soft murmuring or rustling sound, like a gentle whisper Susurrus
73%
A wasteful person; or, an excessively generous philanthropist Scattergood
71%
Relating to priests or priesthood; sacred or religious in character Sacerdotal
70%
Grouping or numbering based on the number six Senary
64%
In a state of deep lethargy, often due to illness or intoxication; dazed Stuporous
62%
Substitute or replacement, especially in the context of medicine or therapy Succedaneum
58%
No matching quizzes found
Score Distribution
Percent of People with Each Score
Percentile by Number Answered
Your Score History
You have not taken this quiz